000 01016nam a2200241 a 4500
003 BD-DhJNU
005 20260115081443.0
008 251108s2008 bg |||g |||| 000 1|ben|d
020 _a9788129507693
040 _aBD-DhJNU
_bben
_cBD-DhJNU
_dBD-DhJNU
041 _aben
082 _a781.54 THR
_223
100 _aঠাকুরতা, প্রবীর গুহ
245 1 0 _aরবীন্দ্রসংগীত মহাকোষ (প্রথম ভাগ) /
_cপ্রবীর গুহ ঠাকুরতা
246 _aRabindrasangeet Mahakosh
250 _a1st ed.
260 _aকলকাতা :
_bদে’জ পাবলিশিং,
_c2008.
300 _a৬৭০ পৃ. :
_bচিত্র ;
_c২২ সেমি.।
504 _aগ্রন্থপঞ্জিগত নির্দেশিকা ও নিঘন্ট অন্তভূক্ত
650 _aরবীন্দ্রসংগীত মহাকোষ
650 _aRabindra Sangeet
942 _cBK
999 _c2538
_d2538